Los orígenes del pensamiento reaccionario español (Record no. 66879)

MARC details
000 -LEADER
campo de control de longitud fija 00620nmm a2200193Ia 4500
008 - DATOS DE LONGITUD FIJA--INFORMACIÓN GENERAL
campo de control de longitud fija 251105s9999||||xx |||||||||||||||||und||
041 ## - CÓDIGO DE IDIOMA
Código de lengua del texto/banda sonora o título independiente spa
100 ## - ENTRADA PRINCIPAL--NOMBRE DE PERSONA
Nombre de persona Herrero Saura, Javier
245 #0 - MENCIÓN DEL TÍTULO
Título Los orígenes del pensamiento reaccionario español
264 ## - PRODUCCIÓN, PUBLICACIÓN, DISTRIBUCIÓN, FABRICACIÓN Y COPYRIGHT
Producción, publicación, distribución, fabricación y copyright [Madrid, España] :
Nombre del de productor, editor, distribuidor, fabricante Prensas Universitarias de Zaragoza,
Fecha de producción, publicación, distribución, fabricación o copyright 2020
300 ## - DESCRIPCIÓN FÍSICA
Extensión 528 páginas
490 ## - MENCIÓN DE SERIE
Mención de serie Ciencias sociales
650 ## - PUNTO DE ACCESO ADICIONAL DE MATERIA--TÉRMINO DE MATERIA
Término de materia o nombre geográfico como elemento de entrada Political Science (General)
700 ## - ENTRADA AGREGADA--NOMBRE PERSONAL
Nombre de persona Herrero Saura, Javier
700 1# - ENTRADA AGREGADA--NOMBRE PERSONAL
Nombre de persona García Monerris, Encarna
700 1# - ENTRADA AGREGADA--NOMBRE PERSONAL
Nombre de persona Escrig Rosa, Josep
856 ## - LOCALIZACIÓN Y ACCESO ELECTRÓNICOS
Identificador Uniforme de Recursos <a href="https://public.digitaliapublishing.com/a/70142">https://public.digitaliapublishing.com/a/70142</a>
942 ## - ELEMENTOS DE ENTRADA SECUNDARIOS (KOHA)
Tipo de ítem Koha Libro Digital

No items available.

Powered by Koha